| 000 | 00000nam##2200000za#4500 |
| 001 | 9.698276 |
| 003 | CaOODSP |
| 005 | 20210624235844 |
| 007 | cr ||||||||||| |
| 008 | 150407|2004||||xxc|||||o f|0| 0 eng|d |
| 040 | |aCaOODSP|beng |
| 043 | |an-cn--- |
| 086 | 1 |aEn134-12/2004E-PDF |
| 110 | 2 |aNational Round Table on the Environment and the Economy (Canada) |
| 245 | 10|a2004 greening of the budget submission : |h[electronic resource]|bnatural capital - a critical foundation of our economy |
| 260 | |aOttawa - Ontario : |bNational Round Table on the Environment and the Economy |c[2004]. |
| 300 | |a34p. |
| 590 | |a13-18-Supp|b2013-08-01 |
| 690 | 07|aClimate|2gcpds |
| 690 | 07|aEnvironmental management|2gcpds |
| 690 | 07|aPollution control|2gcpds |
| 690 | 07|aEnvironment|2gcpds |
| 775 | 08|tProposition d'écologisation du budget fédéral 2004 : |w(CaOODSP)9.642288 |
| 856 | 40|ahttp://publications.gc.ca|qPDF|s151 KB|uhttps://publications.gc.ca/collections/collection_2013/ec/En134-12-2004-eng.pdf |